| 000 | 00355 a2200133 4500 | ||
|---|---|---|---|
| 001 | 91489 | ||
| 082 | _aPR 1453 | ||
| 090 |
_c43628 _d43627 |
||
| 100 | _aMuhammad Ali; Prof Farooq-e-Azam (Advisor) | ||
| 245 |
_aDigital Water Mrking Scheme Using Wavelets _n59 "B" EC |
||
| 260 |
_aRawalpindi _bNUST _c2004 |
||
| 300 | _a216p | ||
| 500 | _aBE Project Reports | ||
| 942 |
_aCAE NUST _kPR 1453 |
||
| 999 |
_c326562 _d326562 |
||